Quản lý chất lượng toàn diện
Đã lưu trong:
| Príomhúdar: | |
|---|---|
| Formáid: | Leabhar |
| Teanga: | Undetermined |
| Foilsithe: |
H.
Đại học Quốc gia Hà Nội
2003
|
| Ábhair: | |
| Rochtain Ar Líne: | http://lrc.tdmu.edu.vn/opac/search/detail.asp?aID=2&ID=4021 |
| Clibeanna: |
Cuir Clib Leis
Gan Chlibeanna, Bí ar an gcéad duine leis an taifead seo a chlibeáil!
|
| Thư viện lưu trữ: | Trung tâm Học liệu Trường Đại học Thủ Dầu Một |
|---|
| LEADER | 00619nam a2200193Ia 4500 | ||
|---|---|---|---|
| 001 | TDMU_4021 | ||
| 008 | 210410s9999 xx 000 0 und d | ||
| 082 | |a 658.562 | ||
| 090 | |b V97 | ||
| 100 | |a Vũ, Quốc Bình | ||
| 245 | 0 | |a Quản lý chất lượng toàn diện | |
| 245 | 0 | |c Vũ Quốc Bình | |
| 260 | |a H. | ||
| 260 | |b Đại học Quốc gia Hà Nội | ||
| 260 | |c 2003 | ||
| 300 | |a 232tr. | ||
| 650 | |a Quản lý chất lượng | ||
| 856 | |u http://lrc.tdmu.edu.vn/opac/search/detail.asp?aID=2&ID=4021 | ||
| 980 | |a Trung tâm Học liệu Trường Đại học Thủ Dầu Một | ||